Любовники философы, или Страсть предводимая разсуждением. [Ч.2] (Запись № 13474265)

Подробности
000 -МАРКЕР
контрольное поле 03152nam2a22004091 4500
001 - ИДЕНТИФИКАТОР ЗАПИСИ
контрольное поле RU\NLR\A1\7129
005 - ИДЕНТИФИКАТОР ВЕРСИИ
контрольное поле 20260608064423.0
035 ## - ДРУГИЕ СИСТЕМНЫЕ НОМЕРА
Идентификатор записи (NLR Aleph) 009672957
100 ## - ДАННЫЕ ОБЩЕЙ ОБРАБОТКИ
Данные общей обработки 19970410d1766 m y0rusy50 ca
101 1# - ЯЗЫК РЕСУРСА
Язык текста, звукозаписи и т.д. русский
Язык оригинала французский
140 ## - ПОЛЕ КОДИРОВАННЫХ ДАННЫХ: СТАРОПЕЧАТНЫЕ ИЗДАНИЯ - ОБЩАЯ ИНФОРМАЦИЯ
Кодированные данные о старопечатном издании - Основные y y ebyaa0000
200 0# - ЗАГЛАВИЕ И СВЕДЕНИЯ ОБ ОТВЕТСТВЕННОСТИ
Основное заглавие [Ч.2]
215 ## - ФИЗИЧЕСКАЯ ХАРАКТЕРИСТИКА
Специфическое обозначение материала и объем 69-144 с.
316 ## - ПРИМЕЧАНИЯ ОБ ОСОБЕННОСТЯХ ЭКЗЕМПЛЯРА
Текст примечания Экз. РНБ (18.229.3.12(2)): ч.1-2 в одном пер. На с.144 круглый штамп ГПБ. На всем кн. блоке потеки.
Организация и экземпляр, к которому относится поле NLR: 18.229.3.12(2)
316 ## - ПРИМЕЧАНИЯ ОБ ОСОБЕННОСТЯХ ЭКЗЕМПЛЯРА
Текст примечания Экз. РНБ (138/94(2)): ч.1-2 в одном пер. На с.144 круглый штамп ГПБ.
Организация и экземпляр, к которому относится поле NLR: 138/94(2)
316 ## - ПРИМЕЧАНИЯ ОБ ОСОБЕННОСТЯХ ЭКЗЕМПЛЯРА
Текст примечания Экз. РНБ (РЗФ 18 в. 3/944 (ал.1,ч.2)а): ч.1-2 в одном пер.
Организация и экземпляр, к которому относится поле NLR: РЗФ 18 в. 3/944 (ал.1,ч.2)а
316 ## - ПРИМЕЧАНИЯ ОБ ОСОБЕННОСТЯХ ЭКЗЕМПЛЯРА
Текст примечания Экз. РНБ (РЗФ 18 в. 3/944 (ал.1,ч.2)) является частью владельч. конволюта. Ч.1-2 в одном пер. Припл. к ч.1.
Организация и экземпляр, к которому относится поле NLR: РЗФ 18 в. 3/944 (ал.1,ч.2)
317 ## - ПРИМЕЧАНИЯ О ПРОИСХОЖДЕНИИ ЭКЗЕМПЛЯРА
Текст примечания Экз. РНБ (РЗФ 18 в. 3/944 (ал.1,ч.2)а) из б-к П.Милорадовича, Д.Саранчова. Куплен у В.И.Клочкова.
Организация и экземпляр, к которому относится поле NLR: РЗФ 18 в. 3/944 (ал.1,ч.2)а
317 ## - ПРИМЕЧАНИЯ О ПРОИСХОЖДЕНИИ ЭКЗЕМПЛЯРА
Текст примечания В экз. РНБ (РЗФ 18 в. 3/944 (ал.1,ч.2)) из б-ки Н. Кащеева. Куплен у В.И.Клочкова».
Организация и экземпляр, к которому относится поле NLR: РЗФ 18 в. 3/944 (ал.1,ч.2)
461 #1 - УРОВЕНЬ НАБОРА
Встроенное поле 001RU\NLR\A1\7127
-- 2000#$aЛюбовники философы, или Страсть предводимая разсуждением.$fПереведена с французскаго.$v[Ч.2]
-- 700#1$6z01700$aБроон$bЖ.Э.$f1731-1778$gЖаклин Эме$4070
-- 700#1$6z01700$7ba$aBrohon$bJ.A.$f1731-1778$gJacqueline Aimée$4070
Системный номер (АБИС) связанной записи 9670190
Автор Броон, Ж.Э. (1731-1778)
Место публикации [М.]
Дата публикации 1766
Первые сведения об ответственности Переведена с французскаго.
Имя издателя, распространителя и т.д. печатана при Императорском Московском университете
Заглавие Любовники философы, или Страсть предводимая разсуждением.
Номер тома [Ч.2]
482 #0 - ПРИПЛЕТЕНО К
Встроенное поле 001RU\NLR\A1\7128
-- 2000#$aЧ.1
Системный номер (АБИС) связанной записи 13474264
Физическая характеристика 67, [1] с.
Заглавие Любовники философы, или Страсть предводимая разсуждением. - Ч.1
702 #1 - ИМЯ ЛИЦА - ВТОРИЧНАЯ ОТВЕТСТВЕННОСТЬ
Начальный элемент ввода Саранчов
Часть имени, кроме начального элемента ввода Д.
Расширение инициалов личного имени Дмитрий
Организация и экземпляр, к которому относится поле NLR: РЗФ 18 в. 3/944а (ч.2)
Код отношения Бывший владелец
702 #1 - ИМЯ ЛИЦА - ВТОРИЧНАЯ ОТВЕТСТВЕННОСТЬ
Начальный элемент ввода Милорадович
Часть имени, кроме начального элемента ввода П.
Расширение инициалов личного имени Петр
Организация и экземпляр, к которому относится поле NLR: РЗФ 18 в. 3/944а (ч.2)
Код отношения Бывший владелец
702 #1 - ИМЯ ЛИЦА - ВТОРИЧНАЯ ОТВЕТСТВЕННОСТЬ
Код отношения Бывший владелец
Графика поля Кириллица
Материалы, к которым относится поле rus
Начальный элемент ввода Клочков
Часть имени, кроме начального элемента ввода В. И.
Даты ок.1861-1915
Расширение инициалов личного имени Василий Иванович
Идентификатор авторитетной/нормативной записи RU\NLR\AUTH\770172651
Системный номер авторитетной/нормативной записи 172600
702 #1 - ИМЯ ЛИЦА - ВТОРИЧНАЯ ОТВЕТСТВЕННОСТЬ
Код отношения Бывший владелец
Графика поля Кириллица
Материалы, к которым относится поле rus
Начальный элемент ввода Клочков
Часть имени, кроме начального элемента ввода В. И.
Даты ок.1861-1915
Расширение инициалов личного имени Василий Иванович
Идентификатор авторитетной/нормативной записи RU\NLR\AUTH\770172651
Системный номер авторитетной/нормативной записи 172600
702 #1 - ИМЯ ЛИЦА - ВТОРИЧНАЯ ОТВЕТСТВЕННОСТЬ
Начальный элемент ввода Кащеев
Часть имени, кроме начального элемента ввода Н.
Расширение инициалов личного имени Николай
Организация и экземпляр, к которому относится поле NLR: РЗФ 18 в. 3/944 (алл.1 ч.2)
Код отношения Бывший владелец
801 #0 - ИСТОЧНИК ЗАПИСИ
Страна Российская Федерация
Организация NLR
Дата составления 19970410
852 ## - МЕСТОНАХОЖДЕНИЕ И ШИФР ХРАНЕНИЯ
Идентификатор организации NLR
Шифр хранения (Call Number) 18.229.3.12(2)
852 ## - МЕСТОНАХОЖДЕНИЕ И ШИФР ХРАНЕНИЯ
Идентификатор организации NLR
Шифр хранения (Call Number) 138/94(2)
852 ## - МЕСТОНАХОЖДЕНИЕ И ШИФР ХРАНЕНИЯ
Идентификатор организации NLR
Наименование фонда или коллекции (Sub-Location Identifier) РЗФ
Шифр хранения (Call Number) 18 в. 3/944 (ал.1,ч.2)
852 ## - МЕСТОНАХОЖДЕНИЕ И ШИФР ХРАНЕНИЯ
Идентификатор организации NLR
Наименование фонда или коллекции (Sub-Location Identifier) РЗФ
Шифр хранения (Call Number) 18 в. 3/944 (ал.1,ч.2)а
942 ## - ДОПОЛНИТЕЛЬНЫЕ ЭЛЕМЕНТЫ ЗАПИСИ (АБИС)
Тип экземпляра АБИС Книга
980 9# - КОЛЛЕКЦИЯ
Название коллекции Сканировано РГБ и региональными библиотеками
980 ## - КОЛЛЕКЦИЯ
Название коллекции Русская книга гражданской печати XVIII в. в библиотеках РФ
980 ## - КОЛЛЕКЦИЯ
Название коллекции Национальная библиография

Нет доступных экземпляров.